000 01154cam a22003254a 4500
999 _c7502
_d7502
001 13169992
003 GZU
005 20210511092038.0
008 030421s2004 maua b 001 0 eng
010 _a 2003051307
020 _a0072523514 (alk. paper)
020 _a0071214755 (international : alk. paper)
040 _aDLC
_cDLC
_dDLC
042 _apcc
050 0 0 _aHF5635
_b.H863 2004
082 0 0 _a657/.046
_221
100 1 _aHoyle, Joe Ben.
245 1 0 _aAdvanced accounting /
_cJoe B. Hoyle, Thomas F. Schaefer, Timothy S. Doupnik.
250 _a7th ed.
260 _aBoston, Mass. :
_bMcGraw-Hill/Irwin,
_cc2004.
300 _axxii, 901 p. :
_bill. ;
_c29 cm.
504 _aIncludes bibliographical references and index.
650 0 _aAccounting.
700 1 _aSchaefer, Thomas F.
700 1 _aDoupnik, Timothy S.
856 4 1 _3Table of contents only
_uhttp://www.loc.gov/catdir/enhancements/fy0702/2003051307-t.html
906 _a7
_bcbc
_corignew
_d1
_eocip
_f20
_gy-gencatlg
942 _2lcc
_cBK
_e7th
_h5635
_iHOY
_kHD
_m2004